| 000 | 00804nam a2200265Ia 4500 | ||
|---|---|---|---|
| 008 | |||
| 020 | _a0130255505 (pbk.) | ||
| 049 | _aMAIN | ||
| 090 |
_aT56 _bREN |
||
| 100 | 1 | _aRender, Barry. | |
| 245 | 1 | 0 |
_aQuantitative analysis for management / _cBarry Render and Ralph M. Stair. |
| 250 | _a6th ed., Annotated Instr. ed. | ||
| 260 |
_aUpper Saddle River, NJ : _bPrentice Hall, _c2000. |
||
| 300 |
_axxiv, 765 p. : _bill. ; _c26 cm. |
||
| 504 | _aIncludes bibliographical references. | ||
| 500 | _aincludes index. | ||
| 650 | 0 | _aManagement science. | |
| 650 | 0 | _aOperations research. | |
| 700 | 1 | _aStair, Ralph M. | |
| 907 |
_a.b10236417 _b13-01-16 _c09-03-07 |
||
| 003 | |||
| 005 | 20230123134413.0 | ||
| 040 | _cNUST | ||
| 942 |
_cBOOKS _kT56 _mREN |
||
| 999 |
_c165327 _d165327 |
||